000 00647nab a2200181 4500
999 _c372285
_d372285
001 90031
003 OSt
005 20230310131908.0
007 tu
008 110905s2000|||||||
040 _aDE-2950
_cDE-2950
245 0 0 _aAusnahmezustand im Unterhaus.
_bKabarett-Premiere. Ab Sonnabend decken die Oderhähne in ihrem neuen Stück "Murks in Germany" jede Menge Bürokratie auf und stapfen durch den Genehmigungs-Dschungel /
_cJörg Kotterba
264 _c2023
653 _aFrankfurt (Oder)
653 _aKabarett "Die Oderhähne"
773 0 _g34. Jahrgang (2023) Nr. 56, 07.03.2023, Seite 16: mit Foto
_tMärkische Oderzeitung
942 _2z
_cA